[Event "The Nimzo "]
[Site "SchemingMind.com"]
[Date "2007.06.13"]
[Round "-"]
[White "thebirdolux"]
[Black "Adunatos"]
[Result "0-1"]
[WhiteCountry "USA"]
[BlackCountry "NED"]
[WhiteElo "1893"]
[WhiteRD "90"]
[BlackElo "2263"]
[BlackRD "58"]
[GameID "108974"]

1. d4 Nf6 2. c4 e6 3. Nc3 Bb4 4. Qc2 d5 5. cxd5 exd5 6. Bg5 c5 7. O-O-O Bxc3 8. Qxc3 c4 9. Qa3 h6 10. Bxf6 Qxf6
11. e4 dxe4 12. Bxc4 Nd7 13. Kb1 Nb6 14. Bb5+ Kd8 15. Ne2 a6 16. Ba4 Bf5 17. Ng3 Bg6 18. Ka1 Rc8 19. Bb3 Kc7 20. Rhe1 Rhe8
21. Bc2 Qf4 22. Qb3 Kb8 23. f3 exf3 24. Rxe8 Rxe8 25. Bxg6 fxg6 26. Qxb6 fxg2 27. Qxg6 Rc8 28. Qb1 h5 29. d5 h4 30. Ne2 Qxh2
31. Qf5 h3 32. Ng1 Rh8 33. Qf3 Qh1
0-1

[Event "The Nimzo "]
[Site "SchemingMind.com"]
[Date "2007.06.13"]
[Round "-"]
[White "_keyes"]
[Black "thebirdolux"]
[Result "0-1"]
[WhiteCountry "ENG"]
[BlackCountry "USA"]
[WhiteElo "1849"]
[WhiteRD "74"]
[BlackElo "2000"]
[BlackRD "127"]
[GameID "108975"]

1. d4 Nf6 2. c4 e6 3. Nc3 Bb4 4. e3 c5 5. Ne2 d5 6. a3 Bxc3+ 7. Nxc3 cxd4 8. exd4 dxc4 9. Bxc4 Nc6 10. Be3 O-O
11. O-O b6 12. Qd2 Na5 13. Ba2 Ba6 14. Rfe1 Bc4 15. Qd1 Bxa2 16. Nxa2 Rc8 17. Nc3 Nc4 18. Qe2 a6 19. Rad1 Qd7 20. Bc1 Rfe8
21. f3 Nxa3 22. Qxa6 Nc2 23. Re2 Nxd4 24. Red2 e5 25. Qxb6 Rc6 26. Qa5 Qd6 27. Qa4 Rec8 28. Nb5 Qe6 29. Nxd4 exd4 30. Qa1 Qe3+
31. Kf1 Ng4 32. Re2 Nxh2+ 33. Ke1 Qg1+ 34. Kd2 Nxf3+ 35. gxf3 Rc2+
0-1

[Event "The Nimzo "]
[Site "SchemingMind.com"]
[Date "2007.06.16"]
[Round "-"]
[White "cnbcad"]
[Black "thebirdolux"]
[Result "0-1"]
[WhiteCountry "USA"]
[BlackCountry "USA"]
[WhiteElo "1507"]
[WhiteRD "51"]
[BlackElo "2095"]
[BlackRD "105"]
[GameID "108976"]

1. d4 Nf6 2. c4 e6 3. Nc3 Bb4 4. Bd2 O-O 5. a3 Bxc3 6. Bxc3 d6 7. Nf3 e5 8. dxe5 Ne4 9. exd6 Nxc3 10. bxc3 cxd6
11. e3 Qa5 12. Qc2 Na6 13. Bd3 Qh5 14. h3 Nc5 15. g4 Bxg4 16. Bxh7+ Kh8 17. Ng5 g6 18. Nxf7+ Kxh7 19. Ng5+ Kg7 20. f4 Rae8
21. Qd2 Rxf4
0-1

[Event "The Nimzo "]
[Site "SchemingMind.com"]
[Date "2007.06.12"]
[Round "-"]
[White "jtrochez1"]
[Black "thebirdolux"]
[Result "0-1"]
[WhiteCountry "HON"]
[BlackCountry "USA"]
[WhiteElo "1549"]
[WhiteRD "50"]
[BlackElo "2000"]
[BlackRD "127"]
[GameID "108977"]

1. d4 Nf6 2. c4 e6 3. Nc3 Bb4 4. Bd2 O-O 5. e3 d5 6. a3 Bxc3 7. Bxc3 b6 8. Bd3 Ba6 9. b3 c5 10. Qc2 cxd4
11. Bxd4 Nbd7 12. Nf3 Qe7 13. Ng5 e5 14. Bb2 e4 15. Be2 Rac8 16. O-O-O h6 17. Nh3 dxc4 18. Bxc4 b5 19. Kb1 bxc4 20. b4 c3
21. Bxc3 Bd3 22. Rxd3 exd3 23. Qxd3 Rxc3 24. Qxc3 Qe4+ 25. Qc2 Qxg2
0-1

[Event "The Nimzo "]
[Site "SchemingMind.com"]
[Date "2007.06.16"]
[Round "-"]
[White "Louis Lima"]
[Black "thebirdolux"]
[Result "0-1"]
[WhiteCountry "ESP"]
[BlackCountry "USA"]
[WhiteElo "1823"]
[WhiteRD "77"]
[BlackElo "1923"]
[BlackRD "165"]
[GameID "108978"]

1. d4 Nf6 2. c4 e6 3. Nc3 Bb4 4. Bg5 c5 5. e3 Qa5 6. Bxf6 Bxc3+ 7. bxc3 Qxc3+ 8. Ke2 gxf6 9. Rc1 Qa3 10. Rc2 Nc6
11. Nf3 Nb4
0-1

[Event "The Nimzo "]
[Site "SchemingMind.com"]
[Date "2007.06.12"]
[Round "-"]
[White "tacticrules"]
[Black "thebirdolux"]
[Result "0-1"]
[WhiteCountry "GER"]
[BlackCountry "USA"]
[WhiteElo "1632"]
[WhiteRD "50"]
[BlackElo "2095"]
[BlackRD "105"]
[GameID "108979"]

1. d4 Nf6 2. c4 e6 3. Nc3 Bb4 4. Qc2 O-O 5. a3 Bxc3+ 6. Qxc3 b6 7. Bg5 Ba6 8. e3 d6 9. Nf3 h6 10. Bh4 d5
11. Ne5 g5 12. Bg3 h5 13. h4 Ne4 14. Qc2 Nxg3 15. fxg3 g4 16. O-O-O dxc4 17. Kb1 Nd7 18. Nc6 Qf6 19. Bxc4 Bxc4 20. Qxc4 Qf5+
21. Ka1 Rfe8 22. Rhf1 Qe4 23. Rde1 a6 24. Rf4 Qxg2 25. Ref1 f6 26. Qd3 Qxc6 27. Qg6+ Kf8 28. Qxh5 Ke7 29. Qxg4 Rg8 30. Qf3 Qxf3
31. R1xf3 e5 32. dxe5 Nxe5 33. Rf1 Rxg3 34. Rxf6 Rh8 35. R6f4 Rxe3 36. Rc1 c5 37. Rd1 Re2 38. Rd5 Rg8
0-1

[Event "The Nimzo "]
[Site "SchemingMind.com"]
[Date "2007.06.13"]
[Round "-"]
[White "Adunatos"]
[Black "thebirdolux"]
[Result "1-0"]
[WhiteCountry "NED"]
[BlackCountry "USA"]
[WhiteElo "2263"]
[WhiteRD "58"]
[BlackElo "1893"]
[BlackRD "90"]
[GameID "108980"]

1. d4 Nf6 2. c4 e6 3. Nc3 Bb4 4. e3 c5 5. Nf3 O-O 6. Bd3 d5 7. O-O dxc4 8. Bxc4 cxd4 9. exd4 Bd7 10. a3 Be7
11. Bf4 Qb6 12. Ne5 Rd8 13. Be3 Qxb2 14. Na4 Bxa4 15. Qxa4 Nbd7 16. Rfb1 Qc3 17. Rc1 Qb2 18. Nd3 Qb6 19. d5 exd5 20. Bxb6 Nxb6
21. Qa5 Nxc4 22. Qc3 b5 23. Re1 Ne4 24. Qb3 Bf6 25. Rac1 Bg5 26. f4 Bf6 27. Qxb5 Nxa3 28. Qa6 Bd4+ 29. Kh1 Nc4 30. g4 Rab8
31. Rb1 Bb6 32. Nb4 Ncd2 33. Nc6 Nxb1 34. Rxb1
1-0

[Event "The Nimzo "]
[Site "SchemingMind.com"]
[Date "2007.06.18"]
[Round "-"]
[White "brayk"]
[Black "Louis Lima"]
[Result "0-1"]
[WhiteCountry "USA"]
[BlackCountry "ESP"]
[WhiteElo "1357"]
[WhiteRD "165"]
[BlackElo "1823"]
[BlackRD "77"]
[GameID "109704"]

1. d4 Nf6 2. c4 e6 3. Nc3 Bb4 4. Nf3 b6 5. a3 Bxc3+ 6. bxc3 Ba6 7. e3 d5 8. cxd5 Bxf1 9. Kxf1 exd5 10. Qa4+ Qd7
11. Qxd7+ Nbxd7 12. Ne5 Nxe5 13. dxe5 Nd7 14. f4 Nc5 15. a4 O-O 16. Ba3 Nb3 17. Kf2 c5 18. Rab1 Na5 19. Rhd1 Rfd8 20. e4 Nc4
21. Bb2 dxe4 22. Rxd8+ Rxd8 23. Re1 Rd2+ 24. Re2 Rxe2+ 25. Kxe2 Nxb2 26. g4 Nxa4 27. Ke3 Nxc3 28. h4 b5 29. Kd2 b4 30. Kc2 e3
31. Kd3 e2 32. Kd2 a5 33. f5 a4 34. h5 a3
0-1

[Event "The Nimzo "]
[Site "SchemingMind.com"]
[Date "2007.06.18"]
[Round "-"]
[White "brayk"]
[Black "thebirdolux"]
[Result "0-1"]
[WhiteCountry "USA"]
[BlackCountry "USA"]
[WhiteElo "1357"]
[WhiteRD "165"]
[BlackElo "1923"]
[BlackRD "165"]
[GameID "109708"]

1. d4 Nf6 2. c4 e6 3. Nc3 Bb4 4. Nf3 c5 5. e3 O-O 6. Qc2 d5 7. cxd5 exd5 8. dxc5 Nc6 9. Bd2 d4 10. exd4 Nxd4
11. Qd3 Re8+ 12. Be3 Nxf3+ 13. gxf3 Bxc3+ 14. Qxc3 Nd5 15. Qd4 Nxe3 16. Qc3 Nc2#
0-1

[Event "The Nimzo "]
[Site "SchemingMind.com"]
[Date "2007.06.18"]
[Round "-"]
[White "Louis Lima"]
[Black "brayk"]
[Result "1-0"]
[WhiteCountry "ESP"]
[BlackCountry "USA"]
[WhiteElo "1823"]
[WhiteRD "77"]
[BlackElo "1357"]
[BlackRD "165"]
[GameID "109712"]

1. d4 Nf6 2. c4 e6 3. Nc3 Bb4 4. Qb3 Qe7 5. Bg5 Nc6 6. e3 Na5 7. Qc2 Nxc4 8. Bxc4 d5 9. Qa4+ c6 10. Bd3 Bd7
11. Qc2 c5 12. Bxf6 Qxf6 13. Nf3 cxd4 14. exd4 O-O 15. Bxh7+ Kh8 16. Bd3 Rac8 17. O-O Bd6 18. Qe2 Qh6 19. Qe3 Qh5 20. Ne2 Rfe8
21. Ne5 f6 22. Ng3 Qh4 23. Ng6+ Kg8 24. Nxh4 e5 25. Bf5 Re7 26. Ng6 Rf7 27. Bxd7 Rxd7 28. Nf5 Kh7 29. Nxd6 Rxd6 30. Ne7 Re8
31. Qh3#
1-0

[Event "The Nimzo "]
[Site "SchemingMind.com"]
[Date "2007.06.17"]
[Round "-"]
[White "thebirdolux"]
[Black "brayk"]
[Result "1-0"]
[WhiteCountry "USA"]
[BlackCountry "USA"]
[WhiteElo "1923"]
[WhiteRD "165"]
[BlackElo "1357"]
[BlackRD "165"]
[GameID "109716"]

1. d4 Nf6 2. c4 e6 3. Nc3 Bb4 4. Qc2 Nc6 5. Nf3 d5 6. e3 Ne4 7. Be2 O-O 8. O-O Qf6 9. cxd5 exd5 10. Nxd5 Qg6
11. Nf4 Qf5 12. d5 Ne5 13. Nd4 Qg5 14. Qxe4 Re8 15. Nd3 Kf8 16. Nxb4 Nd3 17. Qxd3 Bh3 18. Bf3 Re5 19. Qxh7 Bc8 20. Qh8+ Ke7
21. e4 c5 22. Ndc6+ Kf6 23. Nxe5 cxb4 24. Qd8+ Kxe5 25. Bxg5 f6 26. Qc7+
1-0

[Event "The Nimzo "]
[Site "SchemingMind.com"]
[Date "2007.06.20"]
[Round "-"]
[White "nickmbailey"]
[Black "jtrochez1"]
[Result "0-1"]
[WhiteCountry "USA"]
[BlackCountry "HON"]
[WhiteElo "1217"]
[WhiteRD "137"]
[BlackElo "1572"]
[BlackRD "47"]
[GameID "109747"]

1. d4 Nf6 2. c4 e6 3. Nc3 Bb4 4. Nf3 Bxc3+ 5. bxc3 d5 6. Qa4+ Bd7 7. Qa5 Nc6 8. Qc5 b6 9. Qa3 h6 10. cxd5 Nxd5
0-1

[Event "The Nimzo "]
[Site "SchemingMind.com"]
[Date "2007.06.19"]
[Round "-"]
[White "nickmbailey"]
[Black "Louis Lima"]
[Result "0-1"]
[WhiteCountry "USA"]
[BlackCountry "ESP"]
[WhiteElo "1382"]
[WhiteRD "211"]
[BlackElo "1823"]
[BlackRD "77"]
[GameID "109748"]

1. d4 Nf6 2. c4 e6 3. Nc3 Bb4 4. Bf4 c5 5. e3 Qa5 6. Qc2 Ne4 7. Rc1 cxd4 8. Bd3 dxc3 9. Bxe4 cxb2+ 10. Kd1 bxc1=Q+
11. Kxc1 Ba3+ 12. Kd1 Nc6 13. Ne2 Nb4 14. Qd2 Qa4+ 15. Bc2 Nxc2 16. Qxc2 Qxc2+ 17. Kxc2 Ke7 18. Bg5+ f6 19. Bh4 b6 20. Rd1 Bb7
21. Rd3 Be4 22. Nf4 g5 23. Bg3 gxf4 24. Bxf4 Bxd3+ 25. Kxd3 Rhg8
0-1

[Event "The Nimzo "]
[Site "SchemingMind.com"]
[Date "2007.06.19"]
[Round "-"]
[White "nickmbailey"]
[Black "brayk"]
[Result "0-1"]
[WhiteCountry "USA"]
[BlackCountry "USA"]
[WhiteElo "1382"]
[WhiteRD "211"]
[BlackElo "1357"]
[BlackRD "165"]
[GameID "109752"]

1. d4 Nf6 2. c4 e6 3. Nc3 Bb4 4. e3 Ne4 5. Qd3 d5 6. a3 Ba5 7. cxd5 exd5 8. Qb5+ Nc6 9. f3 Nxc3 10. Qb3 Nxd4
11. exd4 Qe7+ 12. Kf2 Na2 13. Rxa2 Qe1#
0-1

[Event "The Nimzo "]
[Site "SchemingMind.com"]
[Date "2007.06.19"]
[Round "-"]
[White "nickmbailey"]
[Black "thebirdolux"]
[Result "0-1"]
[WhiteCountry "USA"]
[BlackCountry "USA"]
[WhiteElo "1217"]
[WhiteRD "137"]
[BlackElo "2095"]
[BlackRD "105"]
[GameID "109753"]

1. d4 Nf6 2. c4 e6 3. Nc3 Bb4 4. Bd2 O-O 5. Qc2 d5 6. Na4 Bxd2+ 7. Qxd2 dxc4 8. e3 b5 9. Nc5 Na6 10. a4 Nxc5
11. axb5 Nb3 12. Qc1 Nxc1 13. Rxc1 c5 14. Rxc4 Qa5+
0-1

[Event "The Nimzo "]
[Site "SchemingMind.com"]
[Date "2007.06.19"]
[Round "-"]
[White "jtrochez1"]
[Black "nickmbailey"]
[Result "1-0"]
[WhiteCountry "HON"]
[BlackCountry "USA"]
[WhiteElo "1572"]
[WhiteRD "47"]
[BlackElo "1217"]
[BlackRD "137"]
[GameID "109756"]

1. d4 Nf6 2. c4 e6 3. Nc3 Bb4 4. Bd2 b5 5. e3 bxc4 6. Bxc4 Ba6 7. b3 d5 8. Bxa6 Nxa6 9. a3 Ba5 10. b4 Bb6
11. Nf3
1-0

[Event "The Nimzo "]
[Site "SchemingMind.com"]
[Date "2007.06.19"]
[Round "-"]
[White "Louis Lima"]
[Black "nickmbailey"]
[Result "1-0"]
[WhiteCountry "ESP"]
[BlackCountry "USA"]
[WhiteElo "1709"]
[WhiteRD "63"]
[BlackElo "1217"]
[BlackRD "137"]
[GameID "109757"]

1. d4 Nf6 2. c4 e6 3. Nc3 Bb4 4. Bg5 h6 5. Bh4 g5 6. Bg3 d6 7. f3 Nh5 8. Bf2 Nf4 9. e3 Nh5 10. Bd3 Qf6
11. Ne2 b5 12. cxb5 Nd7 13. a3 Bxc3+ 14. bxc3 Nb6 15. c4 Rb8 16. a4 Qe7 17. Nc3 d5 18. c5 Nc4 19. Bxc4 dxc4 20. Qe2 c6
21. Qxc4 cxb5 22. axb5 Nf6 23. e4 a6 24. bxa6 Qa7 25. Nb5 Qd7 26. a7
1-0

[Event "The Nimzo "]
[Site "SchemingMind.com"]
[Date "2007.06.19"]
[Round "-"]
[White "brayk"]
[Black "nickmbailey"]
[Result "0-1"]
[WhiteCountry "USA"]
[BlackCountry "USA"]
[WhiteElo "1357"]
[WhiteRD "165"]
[BlackElo "1382"]
[BlackRD "211"]
[GameID "109761"]

1. d4 Nf6 2. c4 e6 3. Nc3 Bb4 4. Nf3 Ne4 5. Qd3 f5 6. h4 b6 7. c5 Ba6 8. Qe3 bxc5 9. dxc5 Bxc5 10. Nd4 Qf6
11. Nxe4 fxe4 12. Qxe4 Qxd4 13. Qxa8 Bb4+
0-1